Sports Quiz

Random Sports or NBA Quiz
Score 0/11 Timer 10:00
0 Plays Today
team Player % Correct
NetsKevin Durant
100%
NetsKyrie Irving
100%
76ersAl Horford
96.1%
HeatJimmy Butler
94.1%
CelticsKemba Walker
92.2%
ClippersKawhi Leonard
92.2%
WarriorsD'Angelo Russell
90.2%
NetsDe'Andre Jordan
84.3%
KnicksJulius Randle
80.4%
PacersMalcom Brogdon
64.7%
JazzBojan Bogdonavic
7.8%

You're not logged in!

Compare scores with friends on all Sporcle quizzes.
OR
Log In

Sporcle TV

Today on Sporcle TV


Watch our educational content, quiz creation guides, and fun videos on Sporcle TV.

Show Comments

Extras

Top Quizzes Today


Score Distribution

Paid Content

Your Account Isn't Verified!

In order to create a playlist on Sporcle, you need to verify the email address you used during registration. Go to your Sporcle Settings to finish the process.

Report this User

Report this user for behavior that violates our Community Guidelines.

Details: